Score 0/30 Timer 03:00
2 Plays Today
Hint 4-Letter Word % Correct
♪ ____ Go Breaking My Heart ♪DON'T
97.3%
♪ Can You Feel The ____ Tonight ♪LOVE
96.7%
Female spouseWIFE
96.3%
Fermented grape drinkWINE
96.1%
♪ Someone Saved My ____ Tonight ♪LIFE
96.1%
♪ Candle In The ____WIND
95.3%
♪ Don't Let The Sun Go ____ On Me ♪DOWN
95.3%
♪ Something About The Way You _____ Tonight ♪LOOK
93%
First sunlightDAWN
90.8%
♪ Crocodile ____ROCK
89.4%
Exist sentientlyLIVE
89.2%
Earth's natural satelliteMOON
89.2%
Corner chess pieceROOK
89%
Cut down grassMOWN
87.8%
Cooked thoroughlyDONE
87.5%
Hint 4-Letter Word % Correct
Crazy person or birdLOON
87.2%
♪ Your ____SONG
85.4%
Hawk antagonistDOVE
85.3%
♪ ____ Dancer ♪TINY
84.8%
Cartoon lawman - Deputy ____DAWG
80.2%
Polite form of damnDANG
79.4%
RidiculeMOCK
79.4%
Produced vocal musicSANG
79%
♪ ____ Lisas And Mad Hatters ♪MONA
75.4%
FriarMONK
73.9%
Set on fireTIND
72.3%
Inclined to doWONT
60.3%
Nancy Kwan's Suzie movie roleWONG
56.7%
NYC art museumMOMA
53.1%
♪ ____ Can't Buy You Love ♪MAMA
39.4%

Today's Daily Dose

Remove Ads.
Support Sporcle.
Get the best of Sporcle when you Go Orange. This ad-free experience offers more features, more stats, and more fun while also helping to support Sporcle. Thank you for becoming a member.

You're not logged in!

Compare scores with friends on all Sporcle quizzes.
OR
Log In

Show Comments

Extras

Top Quizzes Today


Score Distribution

Your Account Isn't Verified!

In order to create a playlist on Sporcle, you need to verify the email address you used during registration. Go to your Sporcle Settings to finish the process.

Report this User

Report this user for behavior that violates our Community Guidelines.

Details: